00905nam a2200229Ma 450000500170000000800410001702000160005802000180007404000500009204100080014210000240015024501010017426000680027530000600034350400530040365000260045665000230048265000490050565100340055470000330058876500540062120140903175111.0140604s2006 xxuabo fr 001 0deng d a0806137010  a9780806137018 aCO-BoUCMbspacJose A. GerenadJose A. Gerena1 aeng1 aFlorescano, Enrique10aNational narratives in Mexicoba historycEnrique Florescano ; traducción de Nancy T. Hancock  aNorman (Oklahoma, Estados Unidos)bUniversity of Oklahomac2006 axiv, 430 páginasbilustraciones, mapas, fotografías aIncluye referencias bibliográficas e índices 7aFilosofíazMéxico 7aHistoriazMéxico 7aVida social y costumbresxHistoriazMéxico 4aMexicoxHistoriaxFilosofía1 aHancock Nancy T.etraductor tHistoria de las historias de la nación mexicana